00272nam a22001097a 4500020001800000082001200018100002400030245004300054260004000097300000800137650001700145 a81-7049-068-5 a323 SUB aSubramanian, Dr. S. aHuman Rights: International Challenges aNew DelhibManas Publicationsc1997 a773 aHuman rights